Effective business and other letters/essential documents : complete with Bahasa Malaysia

Bibliographic Details
Main Author: Ibrahim Ariff
Format: Book
Published: Selangor : Leeds Publications , 2003
Series:Comprehensive guide series
Subjects:

MARC

LEADER 00000cam a2200000 7i4500
001 0000015091
005 20080314.0
008 080314
020 |a 9832431026 
090 0 0 |a 808.06665   |b IBR 
100 0 |a Ibrahim Ariff 
245 1 0 |a Effective business and other letters/essential documents :   |b complete with Bahasa Malaysia   |c Ibrahim Ariff 
260 |a Selangor :   |b Leeds Publications ,   |c 2003 
440 |a Comprehensive guide series 
650 0 |a Business writing 
650 0 |a Commercial correspondence 
650 0 |a Letter writing 
999 |a 0001016553   |b Book   |c Adult Collection   |e Perbadanan Perpustakaan Awam Johor